Statistics for "I Love You" Quiz

Click here to take the quiz!

General Stats

  • This quiz has been taken 54 times
    (50 since last reset)
  • The average score is 4 of 10

Answer Stats

LanguageI love you% Correct
FrenchJe t'aime
83%
SpanishTe amo
80%
GermanIch liebe dich
75%
ItalianTi amo
65%
MandarinWǒ ài nǐ
23%
PolishJa cię kocham
15%
DutchIk hou van je
13%
RussianYa lyublyu tebya
13%
KoreanSalanghae
10%
Arabic'Ahbak
5%

Score Distribution

Percentile by Number Answered

Percent of People with Each Score

Your Score History

You have not taken this quiz since the last reset